Kultúrny šok - som padnutý "na hlavu" ja či oni?
Pojem, charakteristika a jednotlivé fázy kutúrneho šoku. Kultúrny šok a vedenie medzinárodného tímu. Priebeh a vysporiadanie sa s kultúrnym šokom. Príklady z praxe.
Salvato in:
| Autore principale: | |
|---|---|
| Altri autori: | |
| Natura: | Capitolo di libro |
| Lingua: | slovacco |
| Soggetti: | |
| Tags: |
Nessun Tag, puoi essere il primo ad aggiungerne!!
|
MARC
| LEADER | 00000naa$a2200000$$$4500 | ||
|---|---|---|---|
| 001 | 0096851 | ||
| 005 | 20230908072136.1 | ||
| 041 | 0 | |a slo | |
| 044 | |a SK | ||
| 245 | 1 | 0 | |a Kultúrny šok - som padnutý "na hlavu" ja či oni? |c Jana Bilíková, Martina Holcová |
| 520 | |a Pojem, charakteristika a jednotlivé fázy kutúrneho šoku. Kultúrny šok a vedenie medzinárodného tímu. Priebeh a vysporiadanie sa s kultúrnym šokom. Príklady z praxe. | ||
| 610 | 2 | 0 | |a tímy pracovné |
| 610 | 2 | 0 | |a kultúra |
| 610 | 2 | 0 | |a zvyklosti obchodné |
| 610 | 2 | 0 | |a zvyklosti kultúrne |
| 610 | 2 | 0 | |a riadenie ľudských zdrojov |
| 610 | 2 | 0 | |a vzťahy pracovné |
| 610 | 2 | 0 | |a vzťahy medziľudské |
| 100 | 1 | |a Bilíková, Jana | |
| 700 | 1 | |a Holcová, Martina | |